Statistiques concernant Pays les plus visités par les slovènes

Cliquez ici pour prendre le quiz!

Statistiques générales

  • Ce quiz a été pris 73 fois
  • Le résultat moyen est 5 sur 6

Statistiques - réponses

No.touristesDestination% Correct
129,000Italie
95%
1,494,000Croatie
87%
162,000Autriche
81%
117,000Allemagne
79%
75,000Serbie
77%
157,000Bosnie-Herzégovine
66%

Distribution des résultats

Percentile par nombre de réponses

% des personnes avec chaque résultat

Votre développement - résultats

Vous n’avez pas pris ce quiz